| 000 | 00782nam a22002177a 4500 | ||
|---|---|---|---|
| 999 |
_c5535 _d5535 |
||
| 003 | AR-CdUCM | ||
| 008 | 190312b ||||| |||| 00| 0 spa d | ||
| 040 |
_aMUNICIPALIDAD PROVINCIAL DEL CUSCO _cBIBLIOTECA MUNICIPAL DEL CUSCO |
||
| 082 |
_a869.914 / _bA71 |
||
| 100 |
_aArias, Arturo _916592 |
||
| 245 | _aIdeologías, literatura y sociedad durante la revolución Guatemalteca 1944-1954 / | ||
| 260 |
_aCuba : _bCasa de las Américas, _c1979. |
||
| 300 |
_a304 páginas ; _c19 cm. |
||
| 505 | _aLas secuencias y los personajes -- La narración -- La ideología -- La ideología estética, el indigenismo ... | ||
| 650 |
_aGuatemala. _92870 |
||
| 650 |
_aIdeología. _91109 |
||
| 650 |
_aRevolución. _9844 |
||
| 650 |
_aIndigenismo. _9208 |
||
| 942 |
_2ddc _cLIBROS |
||
| 945 | _awfj | ||